00941cam a22002294a 4500008004100000020002200041245016100063250001200224260004900236300010300285500006800388504005100456650003100507650002100538700002300559700004700582700002200629730003300651003000100684005001700685040000900702  a0323029663 (hbk.)00aFanaroff and Martin's neonatal-perinatal medicine :bdiseases of the fetus and infant /c[edited by] Richard J. Martin, Avroy A. Fanaroff, Michele C. Walsh. a8th ed. aPhiladelphia, Pa. :bMosby Elsevier,cc2006. a2 v. (xxiii, 1820, lxxvii p.) [4] p. of plates :bill. (some col.) ;c28 cm. + 1CD-ROM (4 3/4 in.) aPrevious ed. published with title: Neonatal-perinatal medicine. aIncludes bibliographical references and index. 0aNewborn infantsxDiseases. 0aFetusxDiseases.1 aFanaroff, Avroy A.1 aMartin, Richard J.q(Richard John),d1946-1 aWalsh, Michele C.0 aNeonatal-perinatal medicine.20230120204159.0 cNUST